Logo BPK

Biblioteka

Politechniki Koszalińskiej

Jadernyj magnitnyj rezonans v protočnoj żidkosti / (Rekord nr 12695)

Szczegóły MARC
000 -ETYKIETA REKORDU
podpole kontrolne o stałej długości 00327nam a2200133 i 4500
001 - NUMER KONTROLNY REKORDU
pole kontrolne bg
040 ## - ŹRÓDŁO KATALOGOWANIA
Instytucja, która utworzyła rekord BPK
041 ## - KOD JĘZYKA
Kod języka tekstu pol
008 - POLE O STAŁEJ DŁUGOŚCI - DANE KONTROLNE
podpole kontrolne o stałej długości s pl f |000 0 pol
100 1# - NAZWA OSOBOWA
Nazwa osobowa ŻERNOVOJ, A.
245 #0 - TYTUŁ/ODPOWIEDZIALNOŚĆ
Tytuł Jadernyj magnitnyj rezonans v protočnoj żidkosti /
Pozostałe elementy strefy tytułu i oznaczenia odpowiedzialności A. Żernovoj.
260 ## - STREFA ADRESU WYDAWNICZEGO
Miejsce wydania Moskva,
Data publikacji, dystrybucji/powstania dokumentu 1964.
856 ## - LOKALIZACJA I DOSTĘP DO ELEKTRONICZNYCH DOKUMENTÓW ZDALNYCH
Link (URL) http://koha.tu.koszalin.pl/cgi-bin/koha/opac-detail.pl?biblionumber=12695
Tekst linku Katalog online BPK
942 ## - DODATKOWE ELEMENTY (KOHA)
Typ dokumentu Książka
Egzemplarze
Wycofany Status egzemplarza Uszkodzony Dostępność Lokalizacja stała Lokalizacja bieżąca Miejsce przechowywania Sygnatura Kod kreskowy Typ dokumentu
      Dostępny Biblioteka Politechniki Koszalińskiej Biblioteka Politechniki Koszalińskiej Wypożyczalnia BG 7520 01787955 Książka
© 2023 Biblioteka Politechniki Koszalińskiej :: KOHA